Práctica de los ejercicios espirituales de S. Ignacio de Loyola, fundador de la Compañía de Jesús

Detalles Bibliográficos
Autor principal: Torrubia, Pedro Tomás
Formato: Libro
Lenguaje:Spanish
Publicado: París 1865
Materias:
Colección:Banco de datos
Acervo:Biblioteca de la Congregación del Oratorio de San Felipe Neri de México. Iglesia La Profesa
Descripción Física:t. 12 cm.
Tema general:Ascética
Notas:Encuadernación en piel sobre cartón. Sello en tinta del Oratorio de San Felipe Neri de México. Biblioteca La Profesa, D.F.
LEADER 01015nam a22001930004500
035 |a 2198 
041 0 |a spa 
100 1 |a Torrubia, Pedro Tomás 
245 1 0 |a Práctica de los ejercicios espirituales de S. Ignacio de Loyola, fundador de la Compañía de Jesús  |c por el P. Pedro Tomás Torrubia de la Compañía de Jesús 
260 |a París  |b librería de Rosa y Bouret  |c 1865 
300 |a  t.  |c 12 cm. 
500 |a Encuadernación en piel sobre cartón. Sello en tinta del Oratorio de San Felipe Neri de México. Biblioteca La Profesa, D.F. 
504 |a Índice de contenido 
505 0 0 |a t. 2 Las adiciones, anotaciones, meditaciones, oraciones vocales, lecciones espirituales, historiales, doctrinales, exámenes, etc. con método aplicable á ejercicios, así públicos como privados  
650 1 0 |a Ascética 
949 |a Iglesia La Profesa, Biblioteca t. 2 (4214) 
942 |c PROFESA 
943 |g Biblioteca de la Congregación del Oratorio de San Felipe Neri de México. Iglesia La Profesa 
999 |c 949009  |d 949009